000 00255nam a2200097Ia 4500
001 687490
005 20250826161556.0
008 250824s9999 xx 000 0 und d
245 0 _aANILARDAN ÖYKÜLER II
_cİBRAHİM ZEKİ BURDURLU
260 _bTUDEM YAYINLARI
999 _c687490
_d687490